แสดงรายละเอียดบรรณานุกรม
  กลับหน้าหลัก

Brief Record : Get Marc (ISO 2709) : E-mail record : QR code ปิดหน้าต่าง
สารบัญ Review โดย
ใช้งานได้ทุกระบบ
ห้องสมุด วพบ.ขอนแก่น
ใช้งานได้ทุกระบบ เมื่อ13/มกราคม/2558
  • เล่ม 2
  • ภาค 3 โรคตามระบบ
1. โรคระบบทางเดินหายใจและโรคติดต่อโดยทางเดินหายใจ
2. โรคระบบทางเดินอาหารและโรคติดต่อดดยทางเดินอาหาร
3. โรคระบบประสาทและสมอง
4. โรคระบบไหลเวียนโลหิตและโรคเลือด
5. โรคระบบกระดูกและกล้ามเนื้อ
6. โรคระบบต่อมไร้ท่อและโภชนาการ
7. โรคระบบทางเดินปัสสาวะ
8. โรคระบบอวัยวะสืบพันธุ์ชาย
9. โรคระบบอวัยวะสืบพันธุ์หญิงและการตั้งครรภ์
10. โรคหู
11. โรคตา
12. โรคผิวหนัง
13. โรคติดต่อทางเพศสัมพันธุ์
14. โรคที่เกิดจากอุบัติเหตุ สารพิษ และสัตว์พิษ
15. โรคติดเชื้อ
16. โรคพยาธิ
17. โรคมะเร็ง
18. โรคติดเชื้ออุบัติใหม่
  • ภาคผนวก 4 : วิธีใช้ยาโดยสรุป

E-books : เกี่ยวกับ Collections
LEADER 00000nam 2200000uu 4500
001    205783
003     ULIBM
008    110117s2553||||th 000 0 tha d
020    978-974-9510-261
060  0 WB 100 ส845ต ล.2 2553.
100 0  ^aสุรเกียรติ อาชานานุภาพ,นายแพทย์.
245 00 ^aตำราการตรวจรักษาโรคทั่วไป 2 : 350 โรคกับการดูแลรักษาและป้องกัน/^bนายแพทย์สุรเกียรติ อาชานานุภาพ.
250    ^aพิมพ์ครั้งที่ 5
260    ^aกรุงเทพฯ : ^bสำนักพิมพ์หมอชาวบ้าน,^c2553.
300    ^aจำนวน 1,236 หน้า ;^bภาพประกอบ.
650  0 ^aโรคทั่วไป.
650  0 ^aโรค - - ^xการป้องกันและควบคคุม.
650  0 ^aการใช้ยา.
650  0 ^aการรักษาโรค.
999    ^aใช้งานได้ทุกระบบ
รายการนี้ยังไม่มีแท็ก
คุณยังไม่ได้ล็อกอิน คุณสามารถมีกิจกรรมร่วมกับเว็บไซต์ได้ แต่ต้องล็อกอินก่อน ::
  ล็อกอิน
ลำดับที่ ประเภท เลขเรียก สถานที่ สถานะ
1. การพยาบาล (ตำราหลัก)
การพยาบาล (ตำราหลัก)
WB 100 ส845ต ล.2 2553 ฉ.2 
  
การพยาบาลชุมชน On Shelf
  ขอยืม
2. การพยาบาล (ตำราหลัก)
การพยาบาล (ตำราหลัก)
WB 100 ส845ต ล.2 2553 ฉ.3 
  
การพยาบาลชุมชน On Shelf
  ขอยืม
3. การพยาบาล (ตำราหลัก)
การพยาบาล (ตำราหลัก)
WB 100 ส845ต ล.2 2553 ฉ.4 
  
การพยาบาลชุมชน On Shelf
  ขอยืม
4. การพยาบาล (ตำราหลัก)
การพยาบาล (ตำราหลัก)
WB 100 ส845ต ล.2 2553 ฉ.5 
  
การพยาบาลชุมชน On Shelf
  ขอยืม
5. การพยาบาล (ตำราหลัก)
การพยาบาล (ตำราหลัก)
WB 100 ส845ต ล.2 2553 ฉ.6 
  
การพยาบาลชุมชน On Shelf
  ขอยืม
6. การพยาบาล (ตำราหลัก)
การพยาบาล (ตำราหลัก)
สถานะ=หนังสือเก่า - บริการ ณ ห้องสมุด (ห้องเหลือง)
WB 100 ส845ต ล.2 2553 ฉ.7 
  
การพยาบาลชุมชน On Shelf
  ขอยืม
7. การพยาบาล (ตำราหลัก)
การพยาบาล (ตำราหลัก)
WB 100 ส845ต ล.2 2553 ฉ.8 
  
การพยาบาลชุมชน On Shelf
  ขอยืม
8. การพยาบาล (ตำราหลัก)
การพยาบาล (ตำราหลัก)
สถานะ=หนังสือเก่า - บริการ ณ ห้องสมุด (ห้องเหลือง)
WB 100 ส845ต ล.2 2553 ฉ.9 
  
การพยาบาลชุมชน On Shelf
  ขอยืม
9. การพยาบาล (ตำราหลัก)
การพยาบาล (ตำราหลัก)
สถานะ=หนังสือเก่า - บริการ ณ ห้องสมุด (ห้องเหลือง)
WB 100 ส845ต ล.2 2553 ฉ.10 
  
การพยาบาลชุมชน On Shelf
  ขอยืม
10. การพยาบาล (ตำราหลัก)
การพยาบาล (ตำราหลัก)
WB 100 ส845ต ล.2 2553 ฉ.11 
  
การพยาบาลชุมชน On Shelf
  ขอยืม
11. การพยาบาล (ตำราหลัก)
การพยาบาล (ตำราหลัก)
สถานะ=หนังสือเก่า - บริการ ณ ห้องสมุด (ห้องเหลือง)
WB 100 ส845ต 2553 ล.2 2553  
  
การพยาบาลชุมชน On Shelf
  ขอยืม
12. การพยาบาล (ตำราหลัก)
การพยาบาล (ตำราหลัก)
WB 100 ส845ต ล.2 2553. ฉ.22 
  
การพยาบาลชุมชน On Shelf
  ขอยืม
Note:งบประมาณปี 2558
  1 2 3 [3]   [แสดง 12/29 รายการ]

รายการใกล้เคียง
    หัวเรื่อง [การใช้ยา.]
    หัวเรื่อง [การรักษาโรค.]

BibComment


ยังไม่เคยถูกคอมเมนท์

คอมเมนท์ทรัพยากรรายการนี้
  คอมเมนท์: ตำราการตรวจรักษา..
Bib 205783

 
 
 

 Union Library Management : ULibM
Copyright 2026. All Rights Reserved.
скачать бесплатно без регистрации порно красивый секс HD Sex Hindi sex

xxx gou

xxxx

bfxxx

xxxwww

Секса Видео

xxxx

Секса Видео

detube

geilexxx

C99 Shell

worms shell

blod xxx video
Ebony Coed Rihanna Rimes Takes A Dick In Her Young Twat priyaa indian fuck anal and pusssy hardcore indian women xxx desi hardcore fucking part 1 bengalixxxcouple